000 00654nam a22001697a 4500
003 OSt
005 20260412094624.0
008 260412b |||||||| |||| 00| 0 eng d
020 _a9783031764011
040 _cn
082 _a720.1 V53 2025
245 _aIntersections: Interdisciplinary Research on Architecture, Design, City and Territory /
_ceditors. Magdalena, Vicuña Emanuele Giorgi.
300 _axxv, 672 pages : illustrations (some color) ; 24 cm
650 _aArchitecture and urban studies; city planning and design; human geography; interdisciplinary urban research.
700 _aMagdalena Vicuña, Emanuele Giorgi
942 _2ddc
_cBK-EN
_n0
999 _c8831
_d8831